| 000 | 01747 a2200205 4500 | ||
|---|---|---|---|
| 001 | 53829 | ||
| 005 | 20260407155809.0 | ||
| 008 | 260407a1963 arg spa d | ||
| 003 | AR-UNSa-BCEJYS | ||
| 040 |
_aAR-UNSa-BCEJYS _bspa _cAR-UNSa-BCEJYS |
||
| 080 |
_a330.342.172 _xEconomía libre. Laissez-faire (Economía de Mercado) |
||
| 245 | 1 | 0 | _aEconomía dirigida y economía de mercado |
| 264 | 1 |
_aMadrid : _bSociedad de Estudios y Publicaciones _c1963 |
|
| 300 |
_a230 p. _c24 cm. |
||
| 505 | _aPrimera parte: Comprobación práctica de la economía dirigida - I. Los órdenes económicos a la luz del cambio de la situación histórica - II. Ideales de la economía dirigida - III. La dirección,vista económicamente - IV. Pleno empleo y politíca coyuntural - V. La dirección del comercio exterior - VI. La consolidación del progreso técnico - VII. Su eficacia en la economía de guerra - VIII. Balance de la dirección - Segunda parte: Economía social de mercado - I. El problema fundamental de la política económica actual - II. El sentido de la economía de mercado - III. Contribución al juicio de la economía liberal - IV. Necesidad de una nueva forma político-económica - V. Principios de una economía de mercado orientada - VI. Política de la competencia - VII. Política de precios - VIII. Configuración de la estructura económica - IX. Política social - X. Ordenación de la economía de la construccióm y de la vivienda - XI. Influencia de la estructura industrial - XII. Política comercial exterior - XIII. Política monetaria,crediticia y coyuntural - XIV. Conclusión | ||
| 942 | _cBK | ||
| 590 | _aniveau_biblio:m niveau_hierar:0 | ||
| 100 | 1 | _aMüller- Armack, Alfred | |
| 700 | 1 | _aHernández Esteve, Esteban | |
| 999 |
_c5253 _d5253 |
||